[Event "Amantea op-A 7th"]
[Site "Amantea"]
[Date "2009.09.03"]
[Round "4"]
[White "Delorme, Axel"]
[Black "Scotti, Umberto"]
[Result "1-0"]
[WhiteElo "2434"]
[BlackElo "2176"]
[PlyCount "59"]
[EventDate "2009.08.31"]
[EventType "swiss"]
[EventRounds "9"]
[EventCountry "ITA"]
[SourceTitle "CBM 132 Extra"]
[Source "ChessBase"]
[SourceDate "2009.11.03"]
[SourceVersion "1"]
[SourceVersionDate "2009.11.03"]
[SourceQuality "1"]

1. e4 c5 2. Nf3 e6 3. d4 cxd4 4. Nxd4 a6 5. Bd3 Nc6 6. Nxc6 dxc6 7. 0-0 e5 8. Nd2 Nf6 9. Nc4 Qc7 10. Be3 Be6 11. Bb6 Qb8 12. a4 Nd7 13. Be3 Bc5 14. Bxc5 Nxc5 15. Nb6 Ra7 16. a5 0-0 17. Qd2 Nd7 18. Bc4 Nxb6 19. axb6 Ra8 20. Bxe6 fxe6 21. Qd7 Qc8 22. Qd6 Rd8 23. Qxe5 Qd7 24. Ra3 Qd4 25. Qxe6+ Kh8 26. Rb3 Re8 27. Qf7 Rxe4 28. Qxb7 Rae8 29. Qxc6 Re1 30. g3 1-0

[Event "Bratto op-A 28th"]
[Site "Bratto"]
[Date "2008.08.27"]
[Round "6"]
[White "Scotti, Umberto"]
[Black "Osuna Munoz, Xavier"]
[Result "1-0"]
[WhiteElo "2172"]
[BlackElo "2093"]
[PlyCount "79"]
[EventDate "2008.08.22"]
[EventType "swiss"]
[EventRounds "9"]
[EventCountry "ITA"]
[SourceTitle "CBM 126 Extra"]
[Source "ChessBase"]
[SourceDate "2008.11.05"]
[SourceVersion "1"]
[SourceVersionDate "2008.11.05"]
[SourceQuality "1"]

1. d4 e6 2. Nf3 f5 3. g3 Nf6 4. Bg2 d5 5. 0-0 Bd6 6. c4 c6 7. b3 Qe7 8. Bb2 0-0 9. Nbd2 Nbd7 10. Qc2 a5 11. Ne5 a4 12. Ndf3 Ne4 13. Nxd7 Bxd7 14. Ne5 Bxe5 15. dxe5 a3 16. Bc3 Nxc3 17. Qxc3 f4 18. Rad1 Be8 19. Rd4 Bh5 20. Qd2 g5 21. gxf4 gxf4 22. Rxf4 Rxf4 23. Qxf4 Bxe2 24. Re1 Bh5 25. Re3 Rf8 26. Rg3+ Kh8 27. Qd2 Qf7 28. Bh3 Rg8 29. cxd5 cxd5 30. Qc1 Rxg3+ 31. hxg3 d4 32. Qc4 d3 33. Qxd3 Qc7 34. Qd6 Qc1+ 35. Kh2 Kg7 36. Qe7+ Kh6 37. Qf6+ Bg6 38. Bxe6 Qb2 39. Kh3 Qe2 40. Qf8+ 1-0

[Event "Imperia op-A 49th"]
[Site "Imperia"]
[Date "2007.09.04"]
[Round "3"]
[White "Scotti, Umberto"]
[Black "Mazur, Stefan"]
[Result "0-1"]
[WhiteElo "2199"]
[BlackElo "2070"]
[PlyCount "70"]
[EventDate "2007.09.02"]
[EventType "swiss"]
[EventRounds "9"]
[EventCountry "ITA"]
[SourceTitle "EXT 2009"]
[Source "ChessBase"]
[SourceDate "2008.11.26"]
[SourceVersion "1"]
[SourceVersionDate "2008.11.26"]
[SourceQuality "1"]

1. d4 d5 2. Nf3 Nf6 3. Bf4 c5 4. e3 e6 5. Nbd2 Nc6 6. c3 Be7 7. Bd3 0-0 8. Ne5 Nd7 9. Qc2 f5 10. g4 Ncxe5 11. dxe5 c4 12. Be2 g5 13. gxf5 gxf4 14. f6 Bxf6 15. exf6 Qxf6 16. 0-0-0 Ne5 17. Kb1 f3 18. Bf1 Bd7 19. Rg1+ Kh8 20. Rg3 Be8 21. Ka1 b5 22. Nb1 Bg6 23. Qd2 Bd3 24. Na3 Bxf1 25. Rxf1 Nd3 26. Nc2 e5 27. Nb4 Nxb4 28. cxb4 d4 29. Rfg1 Rad8 30. a3 e4 31. exd4 Rxd4 32. Qe3 Rd3 33. Qxa7 Rd2 34. Rb1 c3 35. Qc5 cxb2+ 0-1

[Event "Nice op"]
[Site "Nice"]
[Date "2005.12.27"]
[Round "3"]
[White "Suarez Real, Alberto"]
[Black "Scotti, Umberto"]
[Result "1/2-1/2"]
[WhiteElo "2367"]
[BlackElo "2182"]
[PlyCount "81"]
[EventDate "2005.12.26"]
[EventType "swiss"]
[EventRounds "9"]
[EventCountry "FRA"]
[SourceTitle "EXT 2007"]
[Source "ChessBase"]
[SourceDate "2006.11.23"]
[SourceVersion "1"]
[SourceVersionDate "2006.11.23"]
[SourceQuality "1"]

1. e4 e6 2. d4 d5 3. Nd2 c5 4. exd5 Qxd5 5. Ngf3 cxd4 6. Bc4 Qd6 7. 0-0 Nf6 8. Nb3 Nc6 9. Nbxd4 Nxd4 10. Nxd4 a6 11. Bb3 Qc7 12. Qf3 Bd6 13. Kh1 0-0 14. Bg5 Nd7 15. c3 Ne5 16. Qh5 Ng6 17. Bc2 Bf4 18. Bxf4 Qxf4 19. Nf3 f6 20. Bxg6 hxg6 21. Qxg6 e5 22. Rfe1 Bf5 23. Qg3 Qxg3 24. hxg3 Rfd8 25. Rad1 Be6 26. a3 Bb3 27. Rd2 Kf7 28. Re4 Bd5 29. Ree2 g5 30. Rd1 Bxf3 31. Rxd8 Bxg2+ 32. Kxg2 Rxd8 33. Re4 b5 34. a4 Rd2 35. b3 Rd3 36. axb5 axb5 37. Rb4 Rxc3 38. Rxb5 g4 39. Rb4 Ke6 40. Rxg4 Rxb3 41. Ra4 1/2-1/2

[Event "Bratto op 25th"]
[Site "Bratto"]
[Date "2005.08.27"]
[Round "8"]
[White "Cardilli, Mariano"]
[Black "Scotti, Umberto"]
[Result "1/2-1/2"]
[WhiteElo "2076"]
[BlackElo "2158"]
[PlyCount "113"]
[EventDate "2005.08.20"]
[EventType "swiss"]
[EventRounds "9"]
[EventCountry "ITA"]
[SourceTitle "CBM 108 Extra"]
[Source "ChessBase"]
[SourceDate "2005.11.04"]
[SourceVersion "1"]
[SourceVersionDate "2005.11.04"]
[SourceQuality "1"]

1. d4 d5 2. c4 c6 3. Nc3 Nf6 4. Nf3 e6 5. cxd5 exd5 6. Bg5 Be7 7. Qc2 0-0 8. e3 Nbd7 9. Bd3 Re8 10. 0-0 Nf8 11. Rab1 a5 12. a3 Ne4 13. Bxe7 Qxe7 14. b4 Bf5 15. Nd2 Ng6 16. Bxe4 dxe4 17. Ne2 Nh4 18. Ng3 axb4 19. axb4 Qe6 20. Ra1 h6 21. Rxa8 Rxa8 22. Nxf5 Ra2 23. Qxe4 Qxf5 24. Qxh4 Rxd2 25. Qd8+ Kh7 26. Qc7 Qb5 27. Qxf7 Qxb4 28. Qf5+ Kg8 29. h3 Qb3 30. Kh2 Qc4 31. Ra1 Ra2 32. Qc8+ Kh7 33. Qf5+ Kg8 34. Rxa2 Qxa2 35. e4 Qc4 36. Qc8+ Kh7 37. Qxb7 Qxd4 38. Qxc6 Qxf2 39. Qd6 g5 40. Qe5 Kg6 41. Qe6+ Kg7 42. Qf5 Qe3 43. e5 h5 44. Qd7+ Kg6 45. Qd6+ Kg7 46. Qf6+ Kg8 47. h4 gxh4 48. Qg6+ Kf8 49. Qd6+ Kf7 50. Qf6+ Ke8 51. Qxh4 Qxe5+ 52. Qg3 Qxg3+ 53. Kxg3 Kf7 54. Kf4 Kg6 55. g3 Kf6 56. g4 hxg4 57. Kxg4 1/2-1/2

[Event "Bratto op 25th"]
[Site "Bratto"]
[Date "2005.08.24"]
[Round "5"]
[White "Scotti, Umberto"]
[Black "Salvador, Roland"]
[Result "0-1"]
[WhiteElo "2158"]
[BlackElo "2416"]
[PlyCount "74"]
[EventDate "2005.08.20"]
[EventType "swiss"]
[EventRounds "9"]
[EventCountry "ITA"]
[SourceTitle "CBM 108 Extra"]
[Source "ChessBase"]
[SourceDate "2005.11.04"]
[SourceVersion "1"]
[SourceVersionDate "2005.11.04"]
[SourceQuality "1"]

1. d4 d5 2. Nf3 a6 3. Bf4 Bg4 4. Ne5 Bh5 5. g4 Bg6 6. h4 f6 7. Nxg6 hxg6 8. Qd3 g5 9. Qg6+ Kd7 10. Bg3 e6 11. Nc3 b5 12. Bg2 Ne7 13. Qd3 gxh4 14. Rxh4 Rxh4 15. Bxh4 c6 16. 0-0-0 Qa5 17. a3 b4 18. axb4 Qxb4 19. e4 Ra7 20. exd5 cxd5 21. f4 Rb7 22. b3 Rc7 23. Na4 Nec6 24. f5 Qa3+ 25. Kd2 Nb4 26. fxe6+ Kd8 27. Qf3 Rxc2+ 28. Ke1 Rxg2 29. Qxg2 Qxb3 30. Nc5 Nc2+ 31. Kd2 Bxc5 32. dxc5 Ne3 33. Qg3 Qxd1+ 34. Kxe3 Qb3+ 35. Kd2 Qxg3 36. Bxg3 Nc6 37. Bd6 Nd4 0-1

[Event "Bratto op 25th"]
[Site "Bratto"]
[Date "2005.08.22"]
[Round "3"]
[White "Scotti, Umberto"]
[Black "Ranola, Yves"]
[Result "1-0"]
[WhiteElo "2158"]
[BlackElo "2466"]
[PlyCount "87"]
[EventDate "2005.08.20"]
[EventType "swiss"]
[EventRounds "9"]
[EventCountry "ITA"]
[SourceTitle "CBM 108 Extra"]
[Source "ChessBase"]
[SourceDate "2005.11.04"]
[SourceVersion "1"]
[SourceVersionDate "2005.11.04"]
[SourceQuality "1"]

1. d4 Nf6 2. Nf3 e6 3. e3 b6 4. Bd3 Bb7 5. 0-0 Be7 6. c4 0-0 7. Nc3 c5 8. b3 d5 9. Bb2 Nc6 10. Rc1 dxc4 11. bxc4 cxd4 12. exd4 Rc8 13. Ne4 Na5 14. Nxf6+ Bxf6 15. Qe2 Qd6 16. Rfd1 Qf4 17. Qe3 Qxe3 18. fxe3 Ba6 19. Ba3 Rfd8 20. c5 Bxd3 21. Rxd3 b5 22. Nd2 Rd5 23. Kf2 e5 24. Ne4 exd4 25. Nxf6+ gxf6 26. exd4 Nc6 27. Rcd1 Re8 28. Re3 Re6 29. Rxe6 fxe6 30. Ke3 Kf7 31. Bb2 e5 32. Ke4 Ke6 33. g4 h5 34. Rf1 exd4 35. Rxf6+ Kxf6 36. Kxd5 Nb4+ 37. Kd6 hxg4 38. Bxd4+ Kf5 39. c6 Nxc6 40. Kxc6 a6 41. Kb6 Ke4 42. Bc3 Kd3 43. Bb4 Kc4 44. a3 1-0

[Event "Bratto op 25th"]
[Site "Bratto"]
[Date "2005.08.20"]
[Round "1"]
[White "Pieri, Enzo"]
[Black "Scotti, Umberto"]
[Result "0-1"]
[WhiteElo "1959"]
[BlackElo "2158"]
[PlyCount "48"]
[EventDate "2005.08.20"]
[EventType "swiss"]
[EventRounds "9"]
[EventCountry "ITA"]
[SourceTitle "CBM 108 Extra"]
[Source "ChessBase"]
[SourceDate "2005.11.04"]
[SourceVersion "1"]
[SourceVersionDate "2005.11.04"]
[SourceQuality "1"]

1. e4 e6 2. d4 d5 3. e5 c5 4. c3 Nc6 5. Nf3 Nge7 6. a3 cxd4 7. cxd4 Nf5 8. b4 Be7 9. Be2 Bd7 10. 0-0 Qb6 11. Bb2 g5 12. g4 Ng7 13. h3 h5 14. Kg2 f5 15. exf6 Bxf6 16. Bd3 0-0-0 17. Nc3 hxg4 18. hxg4 Nxd4 19. Na4 Qd6 20. Bxd4 Bxd4 21. Rc1+ Kb8 22. Nc5 Bxc5 23. bxc5 Qf4 24. c6 Qxg4# 0-1

[Event "Lyon op"]
[Site "Lyon"]
[Date "2005.04.19"]
[Round "5"]
[White "Scotti, Umberto"]
[Black "Safranska, Anda"]
[Result "1/2-1/2"]
[WhiteElo "2174"]
[BlackElo "2298"]
[PlyCount "95"]
[EventDate "2005.04.16"]
[EventType "swiss"]
[EventRounds "9"]
[EventCountry "FRA"]
[SourceTitle "CBM 105 Extra"]
[Source "ChessBase"]
[SourceDate "2005.05.01"]
[SourceVersion "1"]
[SourceVersionDate "2005.05.01"]
[SourceQuality "1"]

1. e4 g6 2. d4 Bg7 3. Nc3 c6 4. Nf3 d6 5. Be2 Nf6 6. 0-0 0-0 7. a4 Qc7 8. h3 e5 9. dxe5 dxe5 10. Be3 a5 11. Qc1 Qe7 12. Rd1 Nbd7 13. Ne1 Nc5 14. f3 Ne6 15. Bf1 Nh5 16. Ne2 Nhf4 17. Nd3 Nxd3 18. Rxd3 f5 19. Qe1 fxe4 20. fxe4 Nc5 21. Rdd1 Nxe4 22. Nc3 Nc5 23. Qd2 Ne6 24. Bc4 Kh8 25. Ne4 Qh4 26. Nd6 h6 27. Nxc8 Qxc4 28. Nb6 Qh4 29. Nxa8 Rxa8 30. Qd7 Nf4 31. Bxf4 exf4 32. Rd3 Rf8 33. Rf1 Qg5 34. c3 Qc5+ 35. Kh1 Qc4 36. Rfd1 Qe4 37. Qg4 Rf7 38. Rd8+ Kh7 39. R8d7 Rxd7 40. Rxd7 b5 41. axb5 cxb5 42. Qf3 Qb1+ 43. Qd1 Qe4 44. Qd3 Qe1+ 45. Kh2 h5 46. Qd4 Qg3+ 47. Kh1 Qe1+ 48. Kh2 1/2-1/2

[Event "Turin Piemonte op 5th"]
[Site "Turin"]
[Date "2003.12.06"]
[Round "3"]
[White "Fortino, Fabrizio"]
[Black "Scotti, Umberto"]
[Result "0-1"]
[WhiteElo "1840"]
[BlackElo "2135"]
[PlyCount "66"]
[EventDate "2003.12.04"]
[EventType "swiss"]
[EventRounds "7"]
[EventCountry "ITA"]
[SourceTitle "EXT 2008"]
[Source "ChessBase"]
[SourceDate "2007.11.25"]
[SourceVersion "1"]
[SourceVersionDate "2007.11.25"]
[SourceQuality "1"]

1. e4 e6 2. d4 d5 3. Nc3 Nf6 4. e5 Nfd7 5. f4 c5 6. Nf3 Nc6 7. Be3 cxd4 8. Nxd4 Bc5 9. Qd2 Nxd4 10. Bxd4 a6 11. Be2 b5 12. a4 b4 13. Bxc5 Nxc5 14. Na2 a5 15. b3 Qb6 16. Qd4 Nxa4 17. Qd2 Nc5 18. Bf3 Ba6 19. Qf2 Rc8 20. h4 0-0 21. h5 a4 22. h6 g6 23. Nc1 axb3 24. Nxb3 Bc4 25. Nc1 f6 26. exf6 Rxf6 27. g3 e5 28. fxe5 Rxf3 29. Qxf3 Rf8 30. Qg2 Ne4 31. Nd3 Qe3+ 32. Qe2 Qxg3+ 33. Kd1 Nc3+ 0-1

[Event "Turin Piemonte op 5th"]
[Site "Turin"]
[Date "2003.12.06"]
[Round "4"]
[White "Scotti, Umberto"]
[Black "Vinciguerra, Marco"]
[Result "1-0"]
[WhiteElo "2135"]
[BlackElo "2160"]
[PlyCount "75"]
[EventDate "2003.12.04"]
[EventType "swiss"]
[EventRounds "7"]
[EventCountry "ITA"]
[SourceTitle "EXT 2008"]
[Source "ChessBase"]
[SourceDate "2007.11.25"]
[SourceVersion "1"]
[SourceVersionDate "2007.11.25"]
[SourceQuality "1"]

1. d4 c5 2. c3 Nf6 3. Nf3 e6 4. e3 Be7 5. Bd3 d5 6. 0-0 b6 7. Nbd2 Bb7 8. Qe2 0-0 9. e4 dxe4 10. Nxe4 Nbd7 11. Rd1 Nxe4 12. Bxe4 Qc7 13. Bg5 Bxe4 14. Bxe7 Bxf3 15. Qxf3 Rfe8 16. Bh4 cxd4 17. Rxd4 Ne5 18. Qe2 Ng6 19. Bg3 e5 20. Rd5 Rad8 21. Rad1 f6 22. Qb5 Qc8 23. Rd7 Rxd7 24. Rxd7 Ne7 25. Rxa7 Rd8 26. Qb3+ Nd5 27. h3 Kh8 28. c4 Qb8 29. Qa3 Nc7 30. Qe7 Rc8 31. Qd7 h6 32. f4 Qxa7 33. Qxc8+ Kh7 34. fxe5 fxe5 35. Bxe5 Na6 36. Qf5+ Kh8 37. Qg6 Kg8 38. Bd4 1-0

[Event "EU-ch Seniors 03rd"]
[Site "Saint Vincent"]
[Date "2003.09.20"]
[Round "4"]
[White "Mrdja, Milan"]
[Black "Scotti, Umberto"]
[Result "1-0"]
[WhiteElo "2384"]
[BlackElo "2135"]
[PlyCount "161"]
[EventDate "2003.09.17"]
[EventType "swiss"]
[EventRounds "9"]
[EventCountry "ITA"]
[SourceTitle "CBM 096 Extra"]
[Source "ChessBase"]
[SourceDate "2003.10.22"]
[SourceVersion "2"]
[SourceVersionDate "2003.10.20"]
[SourceQuality "1"]

1. e4 e6 2. d4 d5 3. Nc3 Nf6 4. Bg5 Be7 5. e5 Nfd7 6. Bxe7 Qxe7 7. Qd2 a6 8. f4 c5 9. Nf3 Nc6 10. dxc5 Qxc5 11. Bd3 b5 12. a3 Bb7 13. Ne2 a5 14. Nc3 b4 15. Nb5 0-0 16. a4 Ba6 17. b3 Rac8 18. 0-0-0 f6 19. exf6 Nxf6 20. Kb1 h6 21. Qe2 Rfe8 22. Rhe1 Re7 23. g3 Ne4 24. Bxe4 dxe4 25. Qxe4 Bxb5 26. axb5 Qxb5 27. Rd6 a4 28. Rxe6 axb3 29. Rxe7 Nxe7 30. Qxe7 bxc2+ 31. Kc1 Kh8 32. Qe5 Qd3 33. Qe3 Qa6 34. Kd2 Rd8+ 35. Nd4 Qc4 36. Qd3 c1Q+ 37. Rxc1 Qxd4 38. Qxd4 Rxd4+ 39. Ke3 Rd6 40. Rc8+ Kh7 41. Rb8 Re6+ 42. Kf3 Ra6 43. Rxb4 Kg6 44. Kg4 Kf6 45. Kh5 Ra5+ 46. Kg4 h5+ 47. Kh4 g6 48. Rb6+ Kg7 49. Re6 Ra2 50. h3 Kf7 51. Re5 Kf6 52. Rb5 Ra4 53. Rb6+ Kg7 54. Rc6 Rb4 55. Re6 Kf7 56. Re3 Kf6 57. Rf3 Rb1 58. Rf2 Ra1 59. Re2 Ra4 60. Rc2 Rb4 61. Rc6+ Kg7 62. g4 hxg4 63. hxg4 Rxf4 64. Kg5 Rf1 65. Rxg6+ Kh8 66. Rf6 Rg1 67. Rb6 Kg7 68. Rb7+ Kf8 69. Kf6 Kg8 70. g5 Rf1+ 71. Kg6 Kf8 72. Rb8+ Ke7 73. Kg7 Rg1 74. g6 Rg2 75. Rb4 Re2 76. Rf4 Re1 77. Kg8 Rg1 78. g7 Re1 79. Rh4 Rg1 80. Kh8 Kf7 81. Rf4+ 1-0

[Event "Cesenatico op 8th"]
[Site "Cesenatico"]
[Date "2003.09.01"]
[Round "2"]
[White "Gromovs, Sergejs"]
[Black "Scotti, Umberto"]
[Result "1-0"]
[WhiteElo "2345"]
[BlackElo "2135"]
[PlyCount "81"]
[EventDate "2003.08.31"]
[EventType "swiss"]
[EventRounds "9"]
[EventCountry "ITA"]
[SourceTitle "EXT 2024"]
[Source "ChessBase"]
[SourceDate "2023.10.10"]
[SourceVersion "1"]
[SourceVersionDate "2023.10.10"]
[SourceQuality "1"]

1. d4 d5 2. Nf3 Nc6 3. Bf4 Bf5 4. e3 e6 5. Bb5 Bd6 6. Ne5 Bxe5 7. Bxe5 Nf6 8. Nd2 0-0 9. Bxc6 bxc6 10. Nb3 Nd7 11. Bf4 Re8 12. 0-0 e5 13. Bg3 Rb8 14. Rc1 c5 15. dxc5 c6 16. f4 Be4 17. fxe5 Nxe5 18. Qd4 f6 19. Nd2 Qa5 20. a3 Rbd8 21. b4 Qb5 22. Nxe4 dxe4 23. Qc3 a5 24. Bxe5 Rxe5 25. Rcd1 Red5 26. Rd4 Rxd4 27. exd4 axb4 28. axb4 Rd5 29. Ra1 h6 30. Re1 f5 31. h3 Qb8 32. Qc4 Qg3 33. Re2 Qb8 34. c3 Kh7 35. Qa6 Qc7 36. b5 cxb5 37. Qxb5 Rd8 38. c6 Kg6 39. Rf2 f4 40. g4 Kh7 41. Qf5+ 1-0

[Event "Bratto op 23rd"]
[Site "Bratto"]
[Date "2003.08.21"]
[Round "1"]
[White "Scotti, Umberto"]
[Black "Khenkin, Igor"]
[Result "0-1"]
[WhiteElo "2135"]
[BlackElo "2638"]
[PlyCount "50"]
[EventDate "2003.08.21"]
[EventType "swiss"]
[EventRounds "9"]
[EventCountry "ITA"]
[SourceTitle "EXT 2004"]
[Source "ChessBase"]
[SourceDate "2003.11.25"]
[SourceVersion "1"]
[SourceVersionDate "2003.11.25"]
[SourceQuality "1"]

1. d4 d5 2. Nf3 Nf6 3. Bf4 c5 4. e3 Nc6 5. c3 Qb6 6. Qb3 c4 7. Qc2 Bf5 8. Qc1 Nh5 9. Be2 Nxf4 10. exf4 e6 11. 0-0 Be7 12. Nbd2 Qc7 13. g3 b5 14. Ne5 b4 15. Bf3 bxc3 16. bxc3 Nxe5 17. fxe5 0-0 18. Re1 Rab8 19. Nf1 Qa5 20. g4 Ba3 21. Qf4 Bd3 22. Ng3 Bb2 23. Rad1 Bxc3 24. Rxd3 cxd3 25. Nh5 Bd2 0-1

[Event "Lyon Rhone op"]
[Site "Lyon"]
[Date "2003.05.02"]
[Round "7"]
[White "Scotti, Umberto"]
[Black "Lacour, Serge"]
[Result "1/2-1/2"]
[WhiteElo "2131"]
[BlackElo "2126"]
[PlyCount "41"]
[EventDate "2003.04.26"]
[EventType "swiss"]
[EventRounds "9"]
[EventCountry "FRA"]
[SourceTitle "EXT 2004"]
[Source "ChessBase"]
[SourceDate "2003.11.25"]
[SourceVersion "1"]
[SourceVersionDate "2003.11.25"]
[SourceQuality "1"]

1. d4 Nf6 2. Nf3 c5 3. e3 e6 4. Bd3 Nc6 5. c3 d5 6. Nbd2 Qc7 7. 0-0 cxd4 8. exd4 g6 9. Re1 Bg7 10. Nf1 0-0 11. Bg5 Ne8 12. Qd2 e5 13. dxe5 Bg4 14. Nd4 Bxe5 15. h3 Bxd4 16. cxd4 Be6 17. Nh2 Qd7 18. Nf3 f6 19. Bh6 Ng7 20. Bxg7 Kxg7 21. Re2 1/2-1/2

[Event "Lyon Rhone op"]
[Site "Lyon"]
[Date "2003.04.30"]
[Round "5"]
[White "Scotti, Umberto"]
[Black "Bolding, Klaus"]
[Result "0-1"]
[WhiteElo "2131"]
[BlackElo "2309"]
[PlyCount "144"]
[EventDate "2003.04.26"]
[EventType "swiss"]
[EventRounds "9"]
[EventCountry "FRA"]
[SourceTitle "EXT 2004"]
[Source "ChessBase"]
[SourceDate "2003.11.25"]
[SourceVersion "1"]
[SourceVersionDate "2003.11.25"]
[SourceQuality "1"]

1. d4 f5 2. Nf3 Nf6 3. g3 e6 4. Bg2 Be7 5. c4 0-0 6. 0-0 d6 7. Nc3 a5 8. b3 Qe8 9. Bb2 Na6 10. a3 Rb8 11. Qc2 c6 12. e4 fxe4 13. Nxe4 Nxe4 14. Qxe4 b5 15. Bc3 a4 16. cxb5 cxb5 17. b4 Nc7 18. Bd2 Bb7 19. Qd3 Bd5 20. Rfc1 Bc4 21. Qe4 Qf7 22. Be3 Nd5 23. Nd2 Nf6 24. Qf3 Bd5 25. Qe2 Bxg2 26. Kxg2 Nd5 27. Ne4 Rfc8 28. Rxc8+ Rxc8 29. Rc1 Rxc1 30. Bxc1 Qe8 31. Qc2 Qd7 32. Bd2 Bf6 33. Be3 Be7 34. Kg1 Nb6 35. Nc3 Qc6 36. Qd3 Nc4 37. d5 exd5 38. Nxd5 Bf8 39. Nf4 Ne5 40. Qd5+ Qxd5 41. Nxd5 Nc4 42. Bc1 Kf7 43. Nc7 g6 44. Nxb5 Bg7 45. Kf1 Ke6 46. Ke2 Kd5 47. Kd3 Ne5+ 48. Kc2 Ng4 49. Be3 Nxh2 50. Nc3+ Bxc3 51. Kxc3 Ng4 52. Bd4 h5 53. f4 Kc6 54. Kd3 Nh6 55. Bf2 Nf5 56. Ke4 d5+ 57. Ke5 Nd6 58. Be1 Nc4+ 59. Kf6 Nxa3 60. Kxg6 Nb5 61. f5 d4 62. f6 Nd6 63. Bd2 a3 64. Bf4 d3 65. Bxd6 d2 66. f7 d1Q 67. Bf4 Qg4+ 68. Kf6 a2 69. f8Q a1Q+ 70. Ke7 Qa7+ 71. Kf6 Qd4+ 72. Ke7 Qdd7+ 0-1

[Event "Cesenatico op 8th"]
[Site "Cesenatico"]
[Date "2003.??.??"]
[Round "6"]
[White "Maahs, Erich"]
[Black "Scotti, Umberto"]
[Result "1-0"]
[WhiteElo "2200"]
[BlackElo "2135"]
[PlyCount "57"]
[EventDate "2003.09.??"]
[EventType "swiss"]
[EventRounds "9"]
[EventCountry "ITA"]
[SourceTitle "EXT 2007"]
[Source "ChessBase"]
[SourceDate "2006.11.23"]
[SourceVersion "1"]
[SourceVersionDate "2006.11.23"]
[SourceQuality "1"]

1. e4 e6 2. d4 d5 3. Nd2 c5 4. Ngf3 cxd4 5. exd5 Qxd5 6. Bc4 Qd6 7. 0-0 Nf6 8. Nb3 Nc6 9. Nbxd4 Nxd4 10. Nxd4 a6 11. c3 Qc7 12. Bb3 Bd6 13. f4 0-0 14. Qe1 b5 15. Qh4 Bb7 16. Be3 Nd5 17. Bc2 h6 18. Rae1 Nxe3 19. Rxe3 Bc5 20. Bb3 Bxd4 21. cxd4 Qd6 22. f5 exf5 23. Rxf5 Rac8 24. Rf1 Rcd8 25. Rd1 Rfe8 26. Rg3 Re4 27. Qh5 Bd5 28. Bxd5 Qxd5 29. Qxh6 1-0

[Event "Bratto op 22nd"]
[Site "Bratto"]
[Date "2002.08.27"]
[Round "8"]
[White "Zichichi, Alvise"]
[Black "Scotti, Umberto"]
[Result "1-0"]
[WhiteElo "2312"]
[BlackElo "2166"]
[PlyCount "45"]
[EventDate "2002.08.20"]
[EventType "swiss"]
[EventRounds "9"]
[EventCountry "ITA"]
[SourceTitle "EXT 2003"]
[Source "ChessBase"]
[SourceDate "2002.11.25"]
[SourceVersion "1"]
[SourceVersionDate "2002.11.25"]
[SourceQuality "1"]

1. d4 e6 2. Nf3 f5 3. d5 exd5 4. Qxd5 Nf6 5. Qxf5 d5 6. Qg5 Nc6 7. e3 Bd6 8. a3 0-0 9. c4 Bg4 10. Nc3 Bxf3 11. gxf3 Ne5 12. Be2 dxc4 13. Bd2 Qe7 14. Rg1 a6 15. f4 Nd3+ 16. Bxd3 cxd3 17. Nd5 Nxd5 18. Qxd5+ Kh8 19. Bc3 Rf7 20. 0-0-0 Qe8 21. Qxd3 Bf8 22. Rg5 c5 23. Rh5 1-0

[Event "Bratto op 22nd"]
[Site "Bratto"]
[Date "2002.08.21"]
[Round "2"]
[White "Scotti, Umberto"]
[Black "Bellincampi, Stefano"]
[Result "1/2-1/2"]
[WhiteElo "2166"]
[BlackElo "2082"]
[PlyCount "53"]
[EventDate "2002.08.20"]
[EventType "swiss"]
[EventRounds "9"]
[EventCountry "ITA"]
[SourceTitle "EXT 2003"]
[Source "ChessBase"]
[SourceDate "2002.11.25"]
[SourceVersion "1"]
[SourceVersionDate "2002.11.25"]
[SourceQuality "1"]

1. d4 Nf6 2. Nc3 d5 3. Bf4 c6 4. e3 Bf5 5. Bd3 Bxd3 6. Qxd3 e6 7. Nf3 Bd6 8. Bg5 Nbd7 9. 0-0 Qc7 10. e4 dxe4 11. Nxe4 Nxe4 12. Qxe4 0-0 13. Rad1 Rfe8 14. Rfe1 Nf8 15. c3 h6 16. Bc1 Ng6 17. h4 Rad8 18. Qg4 Nf4 19. Bxf4 Bxf4 20. Ne5 Bxe5 21. Rxe5 Rd5 22. Re3 h5 23. Qf3 Red8 24. Red3 e5 25. dxe5 Rxd3 26. Rxd3 Rxd3 27. Qxd3 1/2-1/2

[Event "Valdostano-ch op 25th"]
[Site "Saint Vincent"]
[Date "2001.09.22"]
[Round "8"]
[White "Scotti, Umberto"]
[Black "Barlocco, Carlo"]
[Result "1/2-1/2"]
[WhiteElo "2162"]
[BlackElo "2130"]
[PlyCount "37"]
[EventDate "2001.09.15"]
[EventType "swiss"]
[EventRounds "9"]
[EventCountry "ITA"]
[SourceTitle "EXT 2002"]
[Source "ChessBase"]
[SourceDate "2001.11.25"]
[SourceVersion "1"]
[SourceVersionDate "2001.11.25"]
[SourceQuality "1"]

1. d4 d5 2. Nf3 Bf5 3. Bf4 e6 4. e3 Bd6 5. Bd3 Bxf4 6. exf4 Bxd3 7. Qxd3 Qd6 8. 0-0 Nf6 9. f5 0-0 10. fxe6 fxe6 11. Nbd2 c5 12. c3 Nc6 13. Rfe1 Rae8 14. Ne5 cxd4 15. cxd4 Nd7 16. Ndf3 Ndxe5 17. Nxe5 Rf5 18. Nxc6 Qxc6 19. Rac1 1/2-1/2

[Event "Valdostano-ch op 25th"]
[Site "Saint Vincent"]
[Date "2001.09.21"]
[Round "7"]
[White "Uhoda, Philippe"]
[Black "Scotti, Umberto"]
[Result "1/2-1/2"]
[WhiteElo "2205"]
[BlackElo "2162"]
[PlyCount "83"]
[EventDate "2001.09.15"]
[EventType "swiss"]
[EventRounds "9"]
[EventCountry "ITA"]
[SourceTitle "EXT 2002"]
[Source "ChessBase"]
[SourceDate "2001.11.25"]
[SourceVersion "1"]
[SourceVersionDate "2001.11.25"]
[SourceQuality "1"]

1. d4 d5 2. c4 c6 3. Nf3 Nf6 4. e3 e6 5. Nc3 Nbd7 6. Bd3 dxc4 7. Bxc4 b5 8. Bd3 a6 9. e4 c5 10. e5 cxd4 11. Nxb5 Nxe5 12. Nxe5 axb5 13. Bxb5+ Bd7 14. Nxd7 Nxd7 15. 0-0 Bc5 16. b4 Bb6 17. Bb2 e5 18. Qg4 Qe7 19. Bxd7+ Qxd7 20. Qxg7 0-0-0 21. Qxe5 Rhe8 22. Qf6 Re6 23. Qf3 Kb8 24. Qd3 Rg6 25. Rfd1 h5 26. a4 Qd5 27. f3 Qg5 28. Rd2 h4 29. Re1 f5 30. a5 Bc7 31. Ree2 Qf4 32. g3 hxg3 33. Rg2 gxh2+ 34. Kh1 Re6 35. Rd1 Rde8 36. Qb5+ Ka8 37. Qd5+ Kb8 38. Qb5+ Kc8 39. Rf1 Re1 40. Qa6+ Kb8 41. Qb5+ Kc8 42. Qa6+ 1/2-1/2